|
|
|
|
| LEADER |
00000nam a2200000 a 4500 |
| 001 |
vtls001326421 |
| 003 |
SK-MaSNL |
| 005 |
20260301095423.0 |
| 008 |
240509s1997 xo aap r yy slo |
| 015 |
|
|
|a SNBA1998/08-02652
|
| 020 |
|
|
|a 8071374253
|c 73,00 Sk
|
| 035 |
|
|
|a SNK000279198
|
| 035 |
|
|
|a urn:nbn:sk:snk-amtji8
|
| 035 |
|
|
|a urn:nbn:sk:snk-am00c64f
|
| 035 |
|
|
|a FC90EB88-5964-4F58-A425-7F0B4967E912
|
| 040 |
|
|
|a SNK
|b slo
|c SNK
|e AACR2
|
| 041 |
0 |
|
|a slo
|
| 044 |
|
|
|a xo
|c SK
|
| 080 |
|
|
|a 581.1(075.8)
|2 1981
|
| 245 |
0 |
|
|a Fyziológia rastlín
|c M. Zima a kol.
|
| 260 |
|
|
|a Nitra
|b Slovenská poľnohospodárska univerzita
|c 1997
|
| 300 |
|
|
|a 152 s.
|b ilustr., sch., tab.
|c 29 cm
|
| 500 |
|
|
|a Ilustr. na tit. strane
|
| 500 |
|
|
|a 600 výt.
|
| 504 |
|
|
|a Bibliogr. s. 153
|
| 650 |
0 |
7 |
|a fyziológia rastlín
|2 SNK
|9 1100
|
| 655 |
|
7 |
|a Textbooks (higher)
|2 SNKPHeng
|9 276436
|
| 655 |
|
7 |
|a učebnice vysokých škôl
|2 SNKPH
|9 70191
|
| 700 |
1 |
|
|a Zima, Miroslav,
|d 1945-2006
|4 aut
|9 166350
|
| 919 |
|
|
|a 80-7137-425-3
|
| 958 |
|
|
|a TL
|
| 958 |
|
|
|a NB
|
| 958 |
|
|
|a UV
|
| 958 |
|
|
|a OND
|
| 999 |
|
|
|c 683060
|d 684990
|
| 952 |
|
|
|t P60, <03>, [BOOK], {603}
|a SNK
|b SNK
|y PREZ
|7 0
|p 17A0130464
|o snkSB 58515
|i snkKSP 3481/98
|0 0
|1 0
|4 0
|d 1998-04-01
|f 1
|l 0
|r 2017-06-30 00:00:00
|w 2026-02-23
|
| 952 |
|
|
|t P60, <04>, [BOOK], {604}
|a SNK
|b SNK
|y VYP
|7 0
|p 17A0130465
|o snkSB 58515 D1
|i snkKSP 3482/98
|0 0
|1 0
|4 0
|d 1998-04-01
|l 0
|r 2005-01-02 00:00:00
|w 2026-02-23
|